| 000 | 00654nam a2200193 a 4500 | ||
|---|---|---|---|
| 005 | 20240803063721.0 | ||
| 008 | 991125s1961 mx 000 0 spa u | ||
| 035 | _aUPN01000000134 | ||
| 049 | _aCG | ||
| 050 | 4 |
_aPQ6293 A3 _bD66 |
|
| 245 | 0 | 0 |
_aA Don Antonio Machado al cumplirse los veinte años de su muerte / _cFrancisco Giner de los Ríos ... [et al.]. |
| 260 |
_aMéxico : _b[s.n.], _c1961. |
||
| 300 | _a265 p. | ||
| 500 | _a"Fondo histórico médico Doctor Germán Somolinos" | ||
| 600 | 1 | 4 |
_aMACHADO, ANTONIO, _d1875-1939 |
| 650 | 4 |
_aPoesía española _91237 |
|
| 700 | 1 |
_aGiner de los Ríos, Francisco, _d1839-1915 _ecoaut. _928515 |
|
| 905 | _aLibro | ||
| 999 |
_c134 _d134 |
||